| 000 | 00532nam a2200205 i 4500 | ||
|---|---|---|---|
| 001 | bgj | ||
| 100 | 1 | _aEMMERICH, Wolfgang. | |
| 245 | 1 | 0 |
_aZur Kritik der Volkstumsideologie / _cWolfgang Emmerich. |
| 260 |
_aFrankfurt am Main : _bSuhrkamp Verlag, _c1971. |
||
| 300 |
_a181, [1] s. ; _c18 cm. |
||
| 490 | 1 |
_aEdition Suhrkamp _v502 |
|
| 650 | 9 | _aNauki społeczne | |
| 830 | _aEdition Suhrkamp | ||
| 040 | _cBPK | ||
| 041 | 0 | _ager | |
| 044 | _aDEU | ||
| 080 | _a3 | ||
| 942 | _cKS | ||
| 008 | s gw f |000 0 ger | ||
| 999 |
_c50253 _d50253 |
||
| 856 |
_uhttp://koha.tu.koszalin.pl/cgi-bin/koha/opac-detail.pl?biblionumber=50253 _yKatalog online BPK |
||